[Event "AUTO-ADV-3326"]
[Site "http://www.queenalice.com/game.php?id=1332015"]
[Date "2015.1.1"]
[Round "1"]
[White "MariusLola"]
[Black "a13tc38920"]
[Result "1-0"]
[WhiteElo "1901"]
[BlackElo "1782"]

1. d4 d5 2. c4 e6 3. Nc3 Nf6 4. Nf3 Nc6 5. g3 Bb4 6. c5 O-O 7. Bg2 b6 8. a3
Bxc3+ 9. bxc3 bxc5 10. dxc5 Ne4 11. Bb2 Nxc5 12. O-O e5 13. Nh4 e4 14. f3 Ne5
15. Qd4 Qd6 16. Rad1 c6 17. fxe4 Ne6 18. Qf2 Qc5 19. Qxc5 Nxc5 20. exd5 Ng4 21.
Bc1 Nb3 22. dxc6 Nxc1 23. Rxc1 Ne3 24. Rf4 Nxg2 25. Kxg2 Be6 26. Rd4 Rac8 27.
Rd6 Rfd8 28. Rxd8+ Rxd8 29. Nf3 Bd5 30. c7 Rc8 31. Rd1 Be6 32. Rd8+ 1-0

[Event "AUTO-ADV-3326"]
[Site "http://www.queenalice.com/game.php?id=1332016"]
[Date "2015.1.1"]
[Round "1"]
[White "a13tc38920"]
[Black "MariusLola"]
[Result "1-0"]
[WhiteElo "1726"]
[BlackElo "1844"]

1. d4 d5 2. c4 dxc4 3. Nc3 g6 4. e4 Bg7 5. Be3 Nf6 6. Bxc4 O-O 7. e5 Ng4 8. Nge2
Nxe3 9. fxe3 Be6 10. Bd3 f6 11. O-O fxe5 12. dxe5 Bxe5 13. Rxf8+ Qxf8 14. Qf1
Qxf1+ 15. Rxf1 Bxc3 16. Nxc3 c6 17. b3 Nd7 18. Rd1 Nc5 19. Be2 Rf8 20. Bf3 Kg7
21. Ne2 Bd7 22. Nf4 Bf5 23. g4 Be6 24. Nxe6+ Nxe6 25. Kg2 Rd8 26. Rxd8 Nxd8 27.
g5 Ne6 28. h4 Nd8 29. Kg3 b6 30. Kf4 h6 31. Bg4 hxg5+ 32. hxg5 c5 33. Bd7 Kf7
34. Ke5 a6 35. a4 Nb7 36. Kd5 Na5 37. Ke5 Nxb3 38. Be6+ Ke8 39. Bxb3 Kd7 40. Bc4
a5 41. Bb5+ Kd8 42. Ke6 1-0

[Event "AUTO-ADV-3326"]
[Site "http://www.queenalice.com/game.php?id=1332029"]
[Date "2015.1.1"]
[Round "1"]
[White "luiz_gustavo"]
[Black "a13tc38920"]
[Result "1-0"]
[WhiteElo "1820"]
[BlackElo "1790"]

1. e4 c5 2. Nf3 d6 3. Nc3 a6 4. Bc4 Nf6 5. O-O b5 6. Be2 b4 7. Nd5 Nxe4 8. d3
Nf6 9. Nxf6+ exf6 10. Re1 Be7 11. Bf4 O-O 12. d4 Bb7 13. c4 bxc3 14. bxc3 Nd7
15. Bc4 d5 16. Bb3 c4 17. Bc2 Re8 18. Rb1 Bc6 19. Bf5 Bf8 20. Rxe8 Qxe8 21. Ne1
g6 22. Bxd7 Qxd7 23. Nc2 Ba4 24. Qd2 Qf5 25. Rb2 Re8 26. g3 Bb5 27. Ne3 Qe4 28.
Ng4 Bd7 29. Nxf6+ 1-0

[Event "AUTO-ADV-3326"]
[Site "http://www.queenalice.com/game.php?id=1332030"]
[Date "2015.1.1"]
[Round "1"]
[White "a13tc38920"]
[Black "luiz_gustavo"]
[Result "0-1"]
[WhiteElo "1771"]
[BlackElo "1852"]

1. d4 d5 2. c4 Nf6 3. Nc3 Nc6 4. Bg5 e6 5. e3 h6 6. Bh4 g5 7. Bg3 Bd6 8. c5 Bxg3
9. hxg3 b6 10. cxb6 axb6 11. Bb5 Bd7 12. Qc2 Nb4 13. Bxd7+ Qxd7 14. Qe2 Ne4 15.
Nf3 f6 16. O-O O-O 17. Nd2 Nxd2 18. Qxd2 c5 19. a3 Nc6 20. dxc5 bxc5 21. Qe2 e5
22. Rad1 d4 23. exd4 exd4 24. Ne4 Rae8 25. Qc4+ Kg7 26. Nxc5 Qg4 27. Nd7 Qxd7
28. b4 Rd8 29. Qc5 Ne5 30. b5 Qd6 31. Qc2 Qxa3 32. b6 Rf7 33. Ra1 Qd6 34. Rfb1
Rb7 35. Ra7 Rdd7 36. Qa4 Nc6 37. Rxb7 Rxb7 38. Qa6 Qd7 39. Qb5 Nb8 40. Qc5 d3
41. Rd1 Na6 42. Qe3 Nb4 43. Qe4 Rxb6 0-1

[Event "AUTO-ADV-3326"]
[Site "http://www.queenalice.com/game.php?id=1332039"]
[Date "2015.1.1"]
[Round "1"]
[White "a13tc38920"]
[Black "r_maltz"]
[Result "0-1"]
[WhiteElo "1792"]
[BlackElo "1948"]

1. d4 f5 2. Nc3 Nf6 3. Bg5 d5 4. e3 Nc6 5. Bb5 Be6 6. Nf3 h6 7. Bh4 g5 8. Bg3
Bg7 9. Bxc6+ bxc6 10. Ne5 Bd7 11. Qd3 e6 12. O-O Nh5 13. f4 Qe7 14. Ng6 Qb4 15.
fxg5 Nxg3 16. hxg3 Rg8 17. gxh6 Bxh6 18. Ne5 Rxg3 19. Qe2 Bxe3+ 20. Kh2 Qxd4 21.
Qh5+ Ke7 22. Qf7+ Kd6 23. Qxd7+ Kxe5 24. Qxc7+ Kf6 25. Kxg3 Qg4+ 0-1

[Event "AUTO-ADV-3326"]
[Site "http://www.queenalice.com/game.php?id=1332040"]
[Date "2015.1.1"]
[Round "1"]
[White "r_maltz"]
[Black "a13tc38920"]
[Result "0-1"]
[WhiteElo "1926"]
[BlackElo "1747"]

1. d4 d5 2. c4 e6 3. Nc3 Nf6 4. e3 Bb4 5. Nf3 O-O 6. Bd3 Nbd7 7. O-O Re8 8. Re1
Ne4 9. Qc2 f5 10. a3 Bxc3 11. bxc3 c6 12. Bb2 Ndf6 13. c5 b6 14. Rad1 bxc5 15.
dxc5 Nxc5 16. c4 Nce4 17. Ne5 Qb6 18. Bd4 c5 19. Bb2 Rd8 20. Be2 Bb7 21. f4 d4
22. exd4 cxd4 23. Nd3 Nc5 24. Bf1 Nfe4 25. Nf2 Qc6 26. Bxd4 Nc3 27. Bxc3 Ne4 28.
Be5 Qc5 29. Bd3 Nf6 30. Bxf6 gxf6 31. Rxe6 Rd6 0-1

[Event "Let's Play Chess!"]
[Site "http://www.queenalice.com/game.php?id=1335223"]
[Date "2015.1.17"]
[Round "-"]
[White "tucuman"]
[Black "a13tc38920"]
[Result "1/2-1/2"]
[WhiteElo "1624"]
[BlackElo "1775"]

1. e4 c5 2. c4 e5 3. Nc3 Nc6 4. d3 Nf6 5. h3 Be7 6. Be2 O-O 7. Nf3 d6 8. Nd5
Nxd5 9. cxd5 Nd4 10. Nxd4 cxd4 11. Bd2 a6 12. Bg4 f5 13. Bxf5 Bxf5 14. exf5 Rxf5
15. O-O Rc8 16. Rc1 Rc5 17. Rxc5 dxc5 18. b3 Qxd5 19. a4 Qf7 20. f3 Qg6 21. Qe2
Bd6 22. Qe4 Rg5 23. g4 Qxe4 24. fxe4 Rg6 25. Kh2 Rf6 26. Rxf6 gxf6 27. h4 Kf7
28. Kh3 Kg6 29. h5+ Kf7 1/2-1/2

[Event "AUTO-ADV-3352"]
[Site "http://www.queenalice.com/game.php?id=1340596"]
[Date "2015.2.11"]
[Round "1"]
[White "a13tc38920"]
[Black "yeye2"]
[Result "0-1"]
[WhiteElo "1732"]
[BlackElo "1976"]

1. d4 d5 2. c4 Nc6 3. Nc3 dxc4 4. d5 Ne5 5. f4 Ng4 6. e4 h5 7. h3 N4f6 8. Bxc4
e6 9. Nf3 Bb4 10. Qc2 exd5 11. exd5 Bxc3+ 12. Qxc3 Nxd5 13. Bxd5 Qxd5 14. O-O
Nf6 15. Re1+ Be6 16. Re5 Qd6 17. f5 Nd7 18. fxe6 fxe6 19. Bg5 Nxe5 20. Qxe5 Qxe5
0-1

[Event "AUTO-ADV-3352"]
[Site "http://www.queenalice.com/game.php?id=1340597"]
[Date "2015.2.11"]
[Round "1"]
[White "yeye2"]
[Black "a13tc38920"]
[Result "1-0"]
[WhiteElo "1980"]
[BlackElo "1770"]

1. e4 c5 2. Bc4 e6 3. c3 Nf6 4. d3 a6 5. Bg5 Be7 6. Nd2 b5 7. Bb3 Bb7 8. Ngf3
O-O 9. O-O d6 10. h3 Nbd7 11. Re1 Qc7 12. Bf4 e5 13. Bg5 Rfe8 14. Re3 Nb6 15.
Bxf6 Bxf6 16. c4 b4 17. a3 Qe7 18. axb4 Rad8 19. bxc5 dxc5 20. Ba4 Nxa4 21. Rxa4
Rd7 22. Nb3 Bc6 23. Rxa6 Rc8 24. Qe1 Ra7 25. Qa5 Rca8 26. Rxa7 Rxa7 27. Qxc5
Qxc5 28. Nxc5 Ra1+ 29. Re1 Ra8 30. Rb1 Be7 31. Nxe5 Be8 32. d4 Rc8 33. b4 f6 34.
Ned3 Bf7 35. d5 1-0

[Event "AUTO-ADV-3352"]
[Site "http://www.queenalice.com/game.php?id=1340598"]
[Date "2015.2.11"]
[Round "1"]
[White "a13tc38920"]
[Black "mauricio_sm"]
[Result "0-1"]
[WhiteElo "1735"]
[BlackElo "2054"]

1. d4 Nf6 2. c4 e6 3. Nc3 Be7 4. e4 d6 5. Bd3 Nc6 6. Be3 O-O 7. Nge2 b6 8. O-O
Bb7 9. f4 Nb4 10. Bb1 a5 11. a3 Nc6 12. Qc2 g6 13. Ng3 Ng4 14. Qd3 Nxe3 15. Qxe3
Bf6 16. e5 dxe5 17. fxe5 Bg5 18. Qf2 Qxd4 19. Qxd4 Nxd4 20. Nge4 Be3+ 0-1

[Event "AUTO-ADV-3352"]
[Site "http://www.queenalice.com/game.php?id=1340599"]
[Date "2015.2.11"]
[Round "1"]
[White "mauricio_sm"]
[Black "a13tc38920"]
[Result "1-0"]
[WhiteElo "2050"]
[BlackElo "1739"]

1. e4 c5 2. Nf3 d6 3. d4 cxd4 4. Nxd4 Nf6 5. Nc3 a6 6. f3 e6 7. Bd3 b5 8. a3 Bb7
9. Be3 Qc7 10. O-O Nbd7 11. Rc1 Be7 12. Bf2 O-O 13. Qd2 Nb6 14. Qe3 Nc4 15. Bxc4
Qxc4 16. Qd3 Qxd3 17. cxd3 Rac8 18. Bg3 Nd7 19. Nb3 Nb6 20. Bf2 1-0

[Event "AUTO-ADV-3352"]
[Site "http://www.queenalice.com/game.php?id=1340600"]
[Date "2015.2.11"]
[Round "1"]
[White "a13tc38920"]
[Black "Paulsains"]
[Result "0-1"]
[WhiteElo "1758"]
[BlackElo "1911"]

1. d4 Nf6 2. c4 g6 3. Nc3 Bg7 4. e4 d6 5. Be3 O-O 6. Bd3 b6 7. Nge2 Bb7 8. O-O
Nbd7 9. f4 e5 10. fxe5 dxe5 11. d5 Ng4 12. Bd2 Nc5 13. Bc2 c6 14. b4 Nd7 15. d6
Qh4 16. h3 Ngf6 17. Be1 Qh6 18. Bf2 Bh8 19. Qc1 Qxc1 20. Raxc1 Ne8 0-1

[Event "AUTO-ADV-3352"]
[Site "http://www.queenalice.com/game.php?id=1340601"]
[Date "2015.2.11"]
[Round "1"]
[White "Paulsains"]
[Black "a13tc38920"]
[Result "1-0"]
[WhiteElo "1921"]
[BlackElo "1748"]

1. e4 e5 2. Nf3 Nc6 3. Bb5 d6 4. Bxc6+ bxc6 5. O-O Nf6 6. d3 Be6 7. h3 Be7 8.
Be3 O-O 9. Nc3 Nd7 10. Ne2 d5 11. Ng3 d4 12. Bd2 c5 13. b3 f5 14. exf5 Bxf5 15.
Nxf5 Rxf5 16. Nh2 Nb6 17. Qg4 Rf7 18. Nf3 Qd6 19. Nh4 Bxh4 20. Qxh4 Nd5 21. Qe4
1-0

[Event "AUTO-ADV-3392"]
[Site "http://www.queenalice.com/game.php?id=1353259"]
[Date "2015.4.13"]
[Round "1"]
[White "a13tc38920"]
[Black "sccp1910"]
[Result "1-0"]
[WhiteElo "1757"]
[BlackElo "1622"]

1. d4 d5 2. c4 dxc4 3. Nc3 Bf5 4. e4 Bg6 5. Bxc4 e6 6. Be3 Bb4 7. Bd3 Nf6 8. e5
Nd5 9. Ne2 O-O 10. O-O Bxd3 11. Qxd3 a6 12. Ne4 f5 13. exf6 Nxf6 14. Bg5 Qd5 15.
Bxf6 Rxf6 16. Nxf6+ Kf7 17. Nxd5 exd5 18. Qf5+ Ke7 19. Qe5+ Kd7 20. Qxd5+ Bd6
21. Qxb7 Nc6 22. Qxa8 Nb4 23. Rac1 Nd3 24. Qc6+ Kd8 25. Rc2 g5 26. Qf3 Nb4 27.
Qf6+ Kc8 28. Rc4 Nxa2 29. Qxd6 h5 30. Qxc7# 1-0

[Event "AUTO-ADV-3392"]
[Site "http://www.queenalice.com/game.php?id=1353261"]
[Date "2015.4.13"]
[Round "1"]
[White "a13tc38920"]
[Black "Canaye"]
[Result "1-0"]
[WhiteElo "1736"]
[BlackElo "1931"]

1. d4 e6 2. e4 d5 3. e5 c5 4. Be3 Nc6 5. Nf3 cxd4 6. Bxd4 Nxd4 7. Nxd4 Bc5 8. c3
Qb6 9. b3 Ne7 10. Qd2 O-O 11. Be2 Nf5 12. O-O Nxd4 13. cxd4 Bxd4 14. Nc3 Bxe5
15. Rac1 Bd7 16. Ne4 dxe4 17. Qxd7 Rad8 18. Qb5 Qxb5 19. Bxb5 Rd2 20. a4 Bd4 21.
Rc7 b6 22. Rc4 a5 23. Rc7 e3 24. fxe3 Bxe3+ 25. Kh1 Bc5 26. Bc4 Rfd8 27. g3 g6
28. Rfxf7 Rd1+ 29. Kg2 Re1 30. Rg7+ Kf8 31. Rxh7 Bd4 32. Rhf7+ Kg8 33. Rfe7 Rg1+
34. Kh3 Be5 35. Bxe6+ Kh8 36. Rh7# 1-0

[Event "AUTO-ADV-3392"]
[Site "http://www.queenalice.com/game.php?id=1353262"]
[Date "2015.4.13"]
[Round "1"]
[White "Canaye"]
[Black "a13tc38920"]
[Result "1-0"]
[WhiteElo "1920"]
[BlackElo "1745"]

1. d4 d5 2. c4 e6 3. Nc3 Nf6 4. cxd5 exd5 5. h3 Nc6 6. Bf4 Bb4 7. e3 O-O 8. Bd3
Re8 9. Ne2 Be6 10. O-O a6 11. a3 Bd6 12. b4 Bxf4 13. Nxf4 b5 14. Qc2 g6 15. h4
h5 16. Nce2 Qd7 17. Ng3 Ne7 18. Rac1 c6 19. e4 dxe4 20. Nxe4 Nxe4 21. Bxe4 Bf5
22. Bxf5 Nxf5 23. Qxc6 Qxc6 24. Rxc6 Nxd4 25. Rc7 Re4 26. g3 Nf3+ 27. Kg2 Nd2
28. Rd1 Nc4 29. Rdd7 Ne5 30. Re7 f6 31. Rg7+ Kf8 32. Ne6+ 1-0

[Event "AUTO-ADV-3392"]
[Site "http://www.queenalice.com/game.php?id=1353263"]
[Date "2015.4.13"]
[Round "1"]
[White "a13tc38920"]
[Black "clovis"]
[Result "0-1"]
[WhiteElo "1752"]
[BlackElo "1986"]

1. d4 d5 2. c4 c6 3. cxd5 cxd5 4. Nc3 Nf6 5. Bf4 Bf5 6. Qa4+ Nc6 7. Nb5 e5 8.
dxe5 Ne4 9. e6 Rc8 10. Nxa7 Ra8 11. exf7+ Kxf7 12. Nxc6 Rxa4 13. Nxd8+ Kg6 14.
Nf3 Bb4+ 15. Bd2 Rxd8 16. b3 Nxd2 17. Nxd2 Ra5 18. g3 Rda8 19. Bg2 Rxa2 20. Rd1
Bc2 21. Rc1 Bxd2+ 22. Kxd2 Be4+ 0-1

[Event "AUTO-ADV-3392"]
[Site "http://www.queenalice.com/game.php?id=1353264"]
[Date "2015.4.13"]
[Round "1"]
[White "clovis"]
[Black "a13tc38920"]
[Result "1-0"]
[WhiteElo "1919"]
[BlackElo "1762"]

1. e4 c5 2. Nf3 d6 3. d4 cxd4 4. Qxd4 Nc6 5. Bb5 Bd7 6. Qd3 Nf6 7. Nc3 a6 8. Ba4
b5 9. Bb3 e6 10. Bf4 Be7 11. Bxd6 O-O 12. Rd1 Bxd6 13. Qxd6 Qe7 14. e5 Qxd6 15.
Rxd6 1-0

[Event "AUTO-ADV-3410"]
[Site "http://www.queenalice.com/game.php?id=1358933"]
[Date "2015.5.11"]
[Round "1"]
[White "Scharlatan"]
[Black "a13tc38920"]
[Result "1-0"]
[WhiteElo "1941"]
[BlackElo "1760"]

1. d4 d5 2. c4 e6 3. Nc3 Nf6 4. cxd5 exd5 5. Bg5 Bb4 6. e3 O-O 7. Bd3 Be6 8. Ne2
Nbd7 9. O-O c5 10. dxc5 Bxc5 11. Bc2 Qc7 12. Bb3 Ne4 13. Nxe4 dxe4 14. Bxe6 fxe6
15. Rc1 Qd6 16. Qxd6 Bxd6 17. Rcd1 1-0

[Event "AUTO-ADV-3410"]
[Site "http://www.queenalice.com/game.php?id=1358934"]
[Date "2015.5.11"]
[Round "1"]
[White "a13tc38920"]
[Black "Scharlatan"]
[Result "0-1"]
[WhiteElo "1741"]
[BlackElo "1839"]

1. d4 d5 2. c4 e6 3. Nc3 Nf6 4. Bg5 Be7 5. Nf3 h6 6. Bf4 O-O 7. e3 Nbd7 8. Bd3
dxc4 9. Bxc4 c5 10. O-O a6 11. Bb3 b5 12. Bc2 c4 13. Ne5 Qb6 14. e4 Bb7 15. Nxd7
Nxd7 16. Be3 Qc7 17. Qg4 Nf6 18. Qg3 Qxg3 19. fxg3 b4 20. Ne2 Bxe4 21. Rxf6 Bxc2
22. Rf2 Bf6 23. Rc1 Bd3 24. Nf4 Rfd8 25. Nxd3 cxd3 26. Rd2 Bxd4 27. Bxd4 Rxd4
28. Kf2 Rad8 29. Ke3 e5 30. b3 f5 31. Rc5 f4+ 32. gxf4 exf4+ 33. Kf3 R8d6 34. h4
Rg6 35. Rc4 Rg3+ 36. Kf2 Rxc4 37. bxc4 Kf7 38. c5 Ke7 39. Rd1 Kd7 0-1

[Event "AUTO-ADV-3410"]
[Site "http://www.queenalice.com/game.php?id=1358949"]
[Date "2015.5.11"]
[Round "1"]
[White "a13tc38920"]
[Black "talisman77"]
[Result "0-1"]
[WhiteElo "1768"]
[BlackElo "1864"]

1. d4 Nf6 2. c4 d5 3. Nc3 e6 4. Bg5 Be7 5. Nf3 Nc6 6. e3 O-O 7. cxd5 Nxd5 8.
Bxe7 Qxe7 9. Bd3 a5 10. O-O a4 11. e4 Nf4 12. e5 Nb4 13. Bb1 f6 14. a3 Nbd5 15.
Nxd5 Nxd5 16. exf6 Qxf6 17. Ne5 Nb6 18. Qc2 Qh4 19. Qxc7 Qxd4 20. Qc3 Qxc3 21.
bxc3 Nd7 22. f4 Nxe5 23. fxe5 Rxf1+ 24. Kxf1 b5 25. Be4 Ra7 26. Rd1 Bb7 27. Rd8+
Kf7 28. Rd7+ Ke8 29. Rxb7 Rxb7 30. Bxb7 Kd7 31. Ke2 Kc7 32. Be4 Kb6 33. Bxh7 Kc5
34. Kd3 g5 35. Bg8 Kd5 36. Bf7 Kxe5 37. Be8 Kd5 38. Bxb5 e5 39. c4+ Kd6 40. Ke4
Kc5 41. Kxe5 g4 0-1

[Event "AUTO-ADV-3410"]
[Site "http://www.queenalice.com/game.php?id=1358950"]
[Date "2015.5.11"]
[Round "1"]
[White "talisman77"]
[Black "a13tc38920"]
[Result "1-0"]
[WhiteElo "1885"]
[BlackElo "1751"]

1. d4 d5 2. c4 e6 3. Nc3 Nf6 4. Nf3 Bb4 5. Bd2 O-O 6. g3 b6 7. e3 Bb7 8. cxd5
Bxc3 9. Bxc3 Bxd5 10. Bg2 Bb7 11. O-O Nc6 12. Qc2 Rb8 13. Rfd1 Qe7 14. a3 Nd8
15. Bb4 Qd7 16. Bxf8 Kxf8 17. Ne5 Qc8 18. f3 Nd5 19. Re1 Nc6 20. Qxh7 Nxe5 21.
Qh8+ Ke7 22. Qxc8 Rxc8 23. dxe5 c5 24. f4 f6 25. Rad1 Rc7 26. e4 1-0

[Event "AUTO-ADV-3410"]
[Site "http://www.queenalice.com/game.php?id=1358951"]
[Date "2015.5.11"]
[Round "1"]
[White "a13tc38920"]
[Black "redrum"]
[Result "1-0"]
[WhiteElo "1733"]
[BlackElo "1929"]

1. d4 d5 2. c4 e6 3. Nc3 c5 4. e3 Nf6 5. dxc5 Bxc5 6. cxd5 exd5 7. Nf3 O-O 8.
Bd3 Nc6 9. h3 Bb4 10. Bd2 Be6 11. O-O Re8 12. a3 Ba5 13. b4 Bc7 14. Bb5 a6 15.
Bxc6 bxc6 16. Rc1 Qd7 17. Qc2 Bxh3 18. Ne2 Bg4 19. Ned4 Bxf3 20. Nxf3 Ne4 21.
Be1 h6 22. Qxc6 Qxc6 23. Rxc6 Be5 24. Nxe5 Rxe5 25. f3 Nf6 26. Kf2 Re6 27. Rc3
Rd6 28. Rc5 Nd7 29. Rc7 d4 30. exd4 Rxd4 31. Bc3 Rd5 32. Re1 Nb6 33. Ree7 Rf8
34. Rb7 Na4 35. Be1 Nb2 36. Kg1 Nc4 37. a4 Nd6 38. Rb6 Nc8 39. Rbb7 Nxe7 40.
Rxe7 Ra8 41. a5 Kf8 42. Rb7 Rd1 43. Kf2 1-0

[Event "AUTO-ADV-3410"]
[Site "http://www.queenalice.com/game.php?id=1358952"]
[Date "2015.5.11"]
[Round "1"]
[White "redrum"]
[Black "a13tc38920"]
[Result "1-0"]
[WhiteElo "1959"]
[BlackElo "1740"]

1. e4 c5 2. Nf3 d6 3. d4 cxd4 4. Nxd4 Nf6 5. Nc3 a6 6. Be2 Qc7 7. Bg5 e6 8. Bxf6
gxf6 9. Bf3 Bd7 10. O-O Nc6 11. Nxc6 Bxc6 12. Re1 O-O-O 13. Qe2 Rg8 14. Red1 Kb8
15. a3 Be7 16. Rd2 Rg6 17. Rad1 Rdg8 18. b4 f5 19. g3 f4 20. Kh1 fxg3 21. fxg3
Bb5 22. Nxb5 axb5 23. Qxb5 Rg5 24. Qe2 h5 25. Bxh5 Qc6 26. Bf3 Bf6 27. Rxd6 Qc7
28. Rd7 Qb6 29. R7d6 Qa7 30. R6d3 Qb6 31. Rd6 Qc7 32. Rd7 Qe5 33. R1d6 Rh8 34.
Rxb7+ Kxb7 35. Qa6+ Kb8 36. Rb6+ Kc7 37. Rb7+ 1-0

[Event "Challenge"]
[Site "http://www.queenalice.com/game.php?id=1363764"]
[Date "2015.6.5"]
[Round "-"]
[White "JORAM2205"]
[Black "a13tc38920"]
[Result "1-0"]
[WhiteElo "1790"]
[BlackElo "1756"]

1. e4 c5 2. Nf3 d6 3. Nc3 Nf6 4. d3 Nbd7 5. Be3 e6 6. h3 Be7 7. Be2 O-O 8. Qd2
a6 9. d4 cxd4 10. Bxd4 Qc7 11. Qe3 b5 12. a3 e5 13. O-O exd4 14. Nxd4 Bb7 15.
Bd3 Ne5 16. Rae1 Nc4 17. Bxc4 Qxc4 18. Rd1 Rae8 19. Nf5 Bxe4 20. Nxe7+ Rxe7 21.
f3 Bxf3 22. Qxf3 d5 23. Qd3 Rfe8 24. Nxd5 Qc5+ 25. Qd4 Qxd4+ 26. Rxd4 Nxd5 27.
Rxd5 f6 28. Rd2 Re2 29. Rf2 Re1+ 30. Rf1 Kf7 31. Rxe1 Rxe1+ 32. Kf2 Re6 33. Rd7+
Kg6 34. g3 1-0